[Event "12. Open Internacional C. A. Villaverde"]
[Site "Madrid ESP"]
[Date "2010.04.22"]
[Round "4.1"]
[White "Ramirez Garcia, Jorge Alberto"]
[Black "Gemy, Jose Daniel"]
[Result "1/2-1/2"]
[WhiteElo "2185"]
[BlackElo "2215"]
[PlyCount "136"]
[EventDate "2010.04.19"]
[EventType "swiss"]
[EventRounds "8"]
[EventCountry "ESP"]
[Source "lmi"]
[SourceDate "2010.04.19"]

1. e4 c5 2. c3 d5 3. exd5 Qxd5 4. d4 Nc6 5. Nf3 g6 6. Na3 cxd4 7. Bc4 Qe4+ 8.
Be3 Nh6 9. Nb5 Bg7 10. Nc7+ Kf8 11. Bd5 Qg4 12. Bxc6 bxc6 13. Nxa8 Bb7 14. Bxh6
Bxh6 15. Nc7 c5 16. cxd4 Qxg2 17. Rg1 Qxf3 18. Qxf3 Bxf3 19. Rg3 Bh5 20. dxc5
Bf4 21. Nb5 a6 22. Nd4 Bxg3 23. hxg3 Kg7 24. Rc1 e5 25. Nc6 Bf3 26. Nb4 a5 27.
Rc3 Ba8 28. Nd3 Kf6 29. Ra3 h5 30. Rxa5 g5 31. b4 h4 32. Ra6+ Kf5 33. gxh4 gxh4
34. c6 h3 35. f3 h2 36. Nf2 Rg8 37. c7 Bxf3 38. b5 e4 39. Kd2 Ke5 40. b6 h1=Q
41. Nxh1 Bxh1 42. Ke3 Kd6 43. c8=Q Rxc8 44. b7+ Kc7 45. bxc8=Q+ Kxc8 46. Rf6
Kb7 47. Rxf7+ Ka6 48. Rf5 Kb6 49. Kd4 Bg2 50. Re5 Bf3 51. Kc3 Ka6 52. Kb4 Bg2
53. Re6+ Ka7 54. Kc5 Kb7 55. a4 Kc7 56. Kb5 Kd7 57. Re5 Kd6 58. Rc5 Bf1+ 59.
Kb6 Bd3 60. Rc3 Kd5 61. a5 Kd4 62. Rc1 e3 63. Ra1 e2 64. a6 Bxa6 65. Kxa6 Ke3
66. Kb5 Kd2 67. Ra2+ Kd1 68. Rxe2 Kxe2 1/2-1/2

[Event "12. Open Internacional C. A. Villaverde"]
[Site "Madrid ESP"]
[Date "2010.04.22"]
[Round "4.2"]
[White "Perez Cameselle, Francisco"]
[Black "Ruiz Quevedo, Andres"]
[Result "1/2-1/2"]
[WhiteElo "1958"]
[BlackElo "1918"]
[PlyCount "106"]
[EventDate "2010.04.19"]
[EventType "swiss"]
[EventRounds "8"]
[EventCountry "ESP"]
[Source "lmi"]
[SourceDate "2010.04.19"]

1. Nf3 c5 2. g3 g6 3. Bg2 Bg7 4. O-O Nc6 5. d3 Nf6 6. e4 O-O 7. Nbd2 d6 8. c3
Qc7 9. Qe2 Bg4 10. h3 Bxf3 11. Nxf3 Nd7 12. Be3 b5 13. d4 Rab8 14. Rac1 Rfc8
15. Rfd1 a5 16. h4 b4 17. h5 bxc3 18. bxc3 Rb6 19. hxg6 hxg6 20. Bh3 e6 21. d5
exd5 22. exd5 Nce5 23. Nxe5 Bxe5 24. Qg4 Rd8 25. Bg5 Bf6 26. Bxf6 Nxf6 27. Qf3
Nh7 28. Bf1 Rdb8 29. a4 Qe7 30. Bb5 Qf6 31. Qxf6 Nxf6 32. c4 R6b7 33. Re1 Kf8
34. f3 Re7 35. Rxe7 Kxe7 36. Re1+ Kf8 37. Kf2 Rb7 38. Rh1 Kg7 39. Re1 Kf8 40.
g4 Re7 41. Rb1 Rb7 42. g5 Nh5 43. Re1 Re7 44. Rb1 Rb7 45. Rb3 Ng7 46. Re3 Rb8
47. Re4 Nf5 48. Re1 Nd4 49. Rh1 Kg7 50. Rg1 Nf5 51. f4 Kf8 52. Rh1 Kg7 53. Re1
Rf8 1/2-1/2

[Event "12. Open Internacional C. A. Villaverde"]
[Site "Madrid ESP"]
[Date "2010.04.22"]
[Round "4.3"]
[White "Iagar, Razvan-Gabriel"]
[Black "Vazquez Gonzalez, Jesus"]
[Result "0-1"]
[WhiteElo "2013"]
[BlackElo "2073"]
[PlyCount "52"]
[EventDate "2010.04.19"]
[EventType "swiss"]
[EventRounds "8"]
[EventCountry "ESP"]
[Source "lmi"]
[SourceDate "2010.04.19"]

1. d4 c5 2. e3 g6 3. Nf3 Bg7 4. c3 cxd4 5. exd4 Nf6 6. Bd3 d6 7. Nbd2 Nc6 8. h3
O-O 9. O-O e5 10. dxe5 dxe5 11. Ne4 Nxe4 12. Bxe4 Qc7 13. Be3 f5 14. Bd5+ Kh8
15. Ng5 h6 16. Ne6 Bxe6 17. Bxe6 Rad8 18. Qe2 Qe7 19. Bb3 f4 20. Bd2 f3 21. Qe3
Qh4 22. Bc2 e4 23. Rad1 fxg2 24. Kxg2 Rf3 25. Qxe4 Qxh3+ 26. Kg1 Be5 0-1

[Event "12. Open Internacional C. A. Villaverde"]
[Site "Madrid ESP"]
[Date "2010.04.22"]
[Round "4.4"]
[White "Garcia Diaz, Victor Manuel"]
[Black "Vidaurre Vargas, Luis"]
[Result "1-0"]
[WhiteElo "2095"]
[BlackElo "1945"]
[PlyCount "131"]
[EventDate "2010.04.19"]
[EventType "swiss"]
[EventRounds "8"]
[EventCountry "ESP"]
[Source "lmi"]
[SourceDate "2010.04.19"]

1. e4 c5 2. c3 Nc6 3. d4 cxd4 4. cxd4 d6 5. Nc3 g6 6. d5 Ne5 7. f4 Nd7 8. Qd4
f6 9. Nf3 Bg7 10. Qa4 Nh6 11. Nd4 O-O 12. Be2 Nc5 13. Qd1 e5 14. dxe6 Nxe6 15.
Bc4 Re8 16. f5 Kh8 17. fxe6 a6 18. O-O Rb8 19. Be3 Qc7 20. Bb3 Ng8 21. Rc1 Qd8
22. Nd5 Bxe6 23. Nxe6 Rxe6 24. Bb6 Qf8 25. Qf3 Ree8 26. Rc7 Rec8 27. Bd4 Rxc7
28. Nxc7 Rc8 29. Ne6 Qf7 30. Nxg7 Qxg7 31. Bxg8 Kxg8 32. Bxf6 Qf7 33. Bc3 Rf8
34. Qxf7+ Rxf7 35. Rd1 Re7 36. Rxd6 Rxe4 37. Rd7 b5 38. Rg7+ Kf8 39. a3 a5 40.
Rb7 b4 41. axb4 axb4 42. Bxb4+ Kg8 43. Bc3 Rh4 44. g3 Rh5 45. Kg2 Kf8 46. g4
Rg5 47. Kf3 h5 48. h3 Ke8 49. Kf4 Rc5 50. Rg7 hxg4 51. hxg4 Rc4+ 52. Kg5 Rc6
53. Rxg6 Rc5+ 54. Kh6 Rc4 55. Rg7 Kf8 56. Kh5 Rc5+ 57. g5 Rxc3 58. bxc3 Kxg7
59. g6 Kg8 60. c4 Kg7 61. c5 Kg8 62. c6 Kh8 63. Kh6 Kg8 64. c7 Kf8 65. c8=Q+
Ke7 66. g7 1-0

[Event "12. Open Internacional C. A. Villaverde"]
[Site "Madrid ESP"]
[Date "2010.04.22"]
[Round "4.5"]
[White "Lopez-Andujar Ocaña, Antonio"]
[Black "Alvarez Gonzalez, Eduardo"]
[Result "1-0"]
[WhiteElo "2093"]
[BlackElo "1884"]
[PlyCount "106"]
[EventDate "2010.04.19"]
[EventType "swiss"]
[EventRounds "8"]
[EventCountry "ESP"]
[Source "lmi"]
[SourceDate "2010.04.19"]

1. e4 c6 2. d4 d5 3. e5 Bf5 4. Nc3 e6 5. g4 Bg6 6. Nge2 h6 7. Be3 Nd7 8. Qd2 c5
9. O-O-O cxd4 10. Nxd4 Bb4 11. f4 Be4 12. Rg1 Qa5 13. Ndb5 Ne7 14. Nd6+ Bxd6
15. exd6 Nc6 16. Nxe4 dxe4 17. Qxa5 Nxa5 18. Bg2 Nc4 19. Bd4 e5 20. fxe5 Ncxe5
21. Bxe4 Rb8 22. Bxa7 Ra8 23. Bd4 Rxa2 24. Kb1 Ra6 25. Bxe5 Nxe5 26. Bxb7 Rb6
27. Rge1 f6 28. Bc8 Kd8 29. d7 Rf8 30. h3 Rf7 31. Re4 Nxd7 32. Rxd7+ Rxd7 33.
Bxd7 Kxd7 34. c3 g6 35. Kc2 Kd6 36. b4 f5 37. gxf5 gxf5 38. Re8 Kd5 39. Kd3 Rf6
40. c4+ Kc6 41. Re3 Rd6+ 42. Kc3 Rf6 43. Rf3 Kd6 44. Kd4 Rf8 45. b5 Ke6 46. b6
Kd6 47. Rb3 f4 48. b7 Rb8 49. Ke4 Kc5 50. Kxf4 Kxc4 51. Rb1 Kd5 52. Kf5 Kd6 53.
Kg6 Kc7 1-0

[Event "12. Open Internacional C. A. Villaverde"]
[Site "Madrid ESP"]
[Date "2010.04.22"]
[Round "4.6"]
[White "Martin Rodriguez, Emilio"]
[Black "Lozano Sanchez, Jose Antonio"]
[Result "1/2-1/2"]
[WhiteElo "2071"]
[BlackElo "1913"]
[PlyCount "86"]
[EventDate "2010.04.19"]
[EventType "swiss"]
[EventRounds "8"]
[EventCountry "ESP"]
[Source "lmi"]
[SourceDate "2010.04.19"]

1. d4 d5 2. c4 c6 3. Nf3 Nf6 4. Nc3 dxc4 5. a4 e6 6. e3 Be7 7. Bxc4 O-O 8. O-O
b6 9. Qe2 Bb7 10. e4 h6 11. Rd1 Qc8 12. Ne5 Ba6 13. Bf4 Bxc4 14. Qxc4 Nfd7 15.
Ng4 Nf6 16. Qe2 Nbd7 17. e5 Nxg4 18. Qxg4 f5 19. Qg6 Rf7 20. Qxe6 Nf8 21. Qxc8
Rxc8 22. Bc1 Bb4 23. Ne2 Rd7 24. Bd2 Be7 25. Bc3 Ne6 26. f4 Rcd8 27. Rdc1 c5
28. dxc5 Nxc5 29. Bb4 a5 30. Bxc5 Bxc5+ 31. Kf1 Rd2 32. b3 R8d3 33. Re1 Rxb3
34. Red1 Rbb2 35. Rxd2 Rxd2 36. g3 Kf7 37. h4 h5 38. Rc1 Ke6 39. Rc3 Ra2 40.
Rc4 Kd5 41. Rc1 Ke6 42. Rc4 Kd5 43. Rc1 Ke6 1/2-1/2

[Event "12. Open Internacional C. A. Villaverde"]
[Site "Madrid ESP"]
[Date "2010.04.22"]
[Round "4.7"]
[White "Lopez Heras, Arturo"]
[Black "Fuentes Arjona, Antonio"]
[Result "1-0"]
[WhiteElo "2001"]
[BlackElo "2019"]
[PlyCount "103"]
[EventDate "2010.04.19"]
[EventType "swiss"]
[EventRounds "8"]
[EventCountry "ESP"]
[Source "lmi"]
[SourceDate "2010.04.19"]

1. e4 c5 2. Nf3 Nc6 3. d4 cxd4 4. Nxd4 g6 5. c4 Bg7 6. Be3 Nh6 7. Be2 O-O 8.
Nc3 f5 9. exf5 Nxd4 10. Bxd4 Nxf5 11. Bxg7 Nxg7 12. O-O d6 13. Qb3 Kh8 14. Rad1
b6 15. Bf3 Rb8 16. Rfe1 Bd7 17. Rd3 Nf5 18. Nd5 e5 19. Qc3 Rf7 20. Be4 Nd4 21.
f4 Qf8 22. Qd2 Rc8 23. fxe5 dxe5 24. Ne3 Bf5 25. Nxf5 Nxf5 26. Bd5 Qc5+ 27. Kh1
Re7 28. Qg5 Rf8 29. Rh3 Qf2 30. Rg1 Rg7 31. Rf3 Qd4 32. g4 e4 33. Rff1 h6 34.
Qc1 Rf6 35. gxf5 gxf5 36. Rxg7 Kxg7 37. Rg1+ Rg6 38. Rxg6+ Kxg6 39. Qg1+ Qxg1+
40. Kxg1 Kf6 41. Kf2 Ke5 42. h4 a5 43. Bf7 Kd4 44. a3 Kd3 45. b4 e3+ 46. Ke1 f4
47. c5 f3 48. Bg6+ Kd4 49. cxb6 e2 50. Bh5 axb4 51. axb4 Ke3 52. Bxf3 1-0

[Event "12. Open Internacional C. A. Villaverde"]
[Site "Madrid ESP"]
[Date "2010.04.22"]
[Round "4.8"]
[White "Gomez Ferrer, Jesus"]
[Black "Cruz Monzon, Jose"]
[Result "1-0"]
[WhiteElo "1996"]
[BlackElo "2010"]
[PlyCount "149"]
[EventDate "2010.04.19"]
[EventType "swiss"]
[EventRounds "8"]
[EventCountry "ESP"]
[Source "lmi"]
[SourceDate "2010.04.19"]

1. e4 c5 2. Nf3 Nc6 3. d4 cxd4 4. Nxd4 Nf6 5. Nc3 d6 6. Be3 e5 7. Nde2 Be7 8.
g3 O-O 9. Bg2 Be6 10. O-O Ng4 11. Bc1 Rc8 12. h3 Nf6 13. Kh2 Qc7 14. b3 Rfd8
15. Nd5 Bxd5 16. exd5 Nd4 17. c4 b5 18. Nxd4 exd4 19. Qxd4 bxc4 20. bxc4 Qxc4
21. Qxa7 Nxd5 22. Be3 Nxe3 23. Qxe3 Bf6 24. Rfc1 Qd4 25. Qf3 Rc3 26. Rxc3 Qxc3
27. Rd1 Qa5 28. Qb3 Qc5 29. f4 g6 30. h4 Re8 31. Qd3 Qf2 32. Rd2 Re3 33. Qxg6+
hxg6 34. Rxf2 Bd4 35. Rd2 Bc5 36. Bd5 Kg7 37. Bb3 Kf6 38. Kg2 Bb4 39. Rf2 Bc5
40. Rd2 Kg7 41. Bd5 Re1 42. Kf3 Re3+ 43. Kg2 Re1 44. a4 Rg1+ 45. Kh2 Ra1 46.
Ra2 Rd1 47. Bf3 Rd3 48. Be2 Re3 49. a5 d5 50. a6 Ba7 51. Kg2 d4 52. Rd2 Kf6 53.
Bc4 Rc3 54. Bd3 Ra3 55. Kf3 Ra5 56. Ke4 Kg7 57. g4 f5+ 58. gxf5 gxf5+ 59. Kf3
Kh6 60. Rb2 Ra3 61. Ke2 Kh5 62. Bxf5 Kxh4 63. Rb7 Bc5 64. Bd3 Kg4 65. f5 Ra2+
66. Kd1 Kf4 67. f6 Ke3 68. Rb3 Kf4 69. f7 Ra5 70. Rb5 Ra1+ 71. Kc2 Ra2+ 72. Kb3
Ra3+ 73. Kc4 Rc3+ 74. Kd5 Bf8 75. Rb8 1-0

[Event "12. Open Internacional C. A. Villaverde"]
[Site "Madrid ESP"]
[Date "2010.04.22"]
[Round "4.9"]
[White "Gutierrez Garcia, Alberto"]
[Black "Cano Cabanillas, Javier"]
[Result "0-1"]
[WhiteElo "1722"]
[BlackElo "1966"]
[PlyCount "102"]
[EventDate "2010.04.19"]
[EventType "swiss"]
[EventRounds "8"]
[EventCountry "ESP"]
[Source "lmi"]
[SourceDate "2010.04.19"]

1. e4 e6 2. d4 d5 3. exd5 exd5 4. Bd3 Nc6 5. c3 Bd6 6. Nf3 Bg4 7. O-O Nge7 8.
Re1 Qd7 9. Nbd2 f6 10. Qc2 O-O-O 11. a4 g5 12. a5 h5 13. b4 h4 14. b5 Nb8 15.
b6 a6 16. bxc7 Bxc7 17. Ba3 Bd6 18. c4 Qc7 19. Bxd6 Rxd6 20. Re3 Nbc6 21. cxd5
Nxd5 22. Bf5+ Bxf5 23. Qxf5+ Kb8 24. Re6 Qc8 25. Rae1 Nd8 26. Ne4 Rxe6 27. Qxd5
Rhe8 28. Nfd2 Nf7 29. Rb1 Qc6 30. Qb3 Rxe4 31. Qxf7 Re1+ 32. Rxe1 Rxe1+ 33. Nf1
Qc1 34. Qf8+ Ka7 35. Qc5+ Qxc5 36. dxc5 Kb8 37. g3 h3 38. g4 Kc7 39. f3 Re2 40.
Ng3 Rg2+ 41. Kh1 Ra2 42. Kg1 Rxa5 43. Ne4 Ra2 44. Nxf6 Rg2+ 45. Kh1 Rc2 46. Kg1
a5 47. Nh7 a4 48. Nxg5 a3 49. Ne6+ Kb8 50. Nd4 Rg2+ 51. Kh1 Rd2 0-1

[Event "12. Open Internacional C. A. Villaverde"]
[Site "Madrid ESP"]
[Date "2010.04.22"]
[Round "4.10"]
[White "Garcia-Ines Sanchez, Gustavo"]
[Black "Camarero Izquierdo, Juan Carlos"]
[Result "0-1"]
[WhiteElo "1719"]
[BlackElo "1924"]
[PlyCount "52"]
[EventDate "2010.04.19"]
[EventType "swiss"]
[EventRounds "8"]
[EventCountry "ESP"]
[Source "lmi"]
[SourceDate "2010.04.19"]

1. e4 c5 2. Nf3 d6 3. d4 cxd4 4. Nxd4 Nf6 5. Nc3 a6 6. f3 b5 7. Bd2 Bb7 8. Bd3
Nbd7 9. O-O g6 10. Nce2 Bg7 11. c3 O-O 12. Ng3 Rc8 13. Be3 Ne5 14. Bc2 Nc4 15.
Bc1 Qb6 16. Kh1 d5 17. Bb3 dxe4 18. Bxc4 Rxc4 19. Be3 exf3 20. gxf3 Ng4 21. Bg1
Qf6 22. Qe2 Qh4 23. Ne4 e5 24. Nd6 Bd5 25. Ne4 exd4 26. fxg4 d3 0-1

[Event "12. Open Internacional C. A. Villaverde"]
[Site "Madrid ESP"]
[Date "2010.04.22"]
[Round "4.11"]
[White "Benitez Cadenas, Luis Miguel"]
[Black "Garcia Lopez, Fernando"]
[Result "1/2-1/2"]
[WhiteElo "1770"]
[BlackElo "1660"]
[PlyCount "53"]
[EventDate "2010.04.19"]
[EventType "swiss"]
[EventRounds "8"]
[EventCountry "ESP"]
[Source "lmi"]
[SourceDate "2010.04.19"]

1. c4 Nf6 2. Nc3 e6 3. e4 d6 4. d4 c5 5. dxc5 dxc5 6. Qxd8+ Kxd8 7. Bg5 Be7 8.
O-O-O+ Ke8 9. f3 a6 10. Bd3 Nc6 11. Nge2 Bd7 12. Na4 Rd8 13. Nb6 Ne5 14. Bf4
Bd6 15. Bc2 Bc7 16. Nxd7 Nfxd7 17. Ba4 Ke7 18. Bxd7 Rxd7 19. Rxd7+ Kxd7 20.
Rd1+ Kc8 21. b3 Rd8 22. Rxd8+ Kxd8 23. Kc2 Nc6 24. Bxc7+ Kxc7 25. Kc3 Kd6 26.
h4 h6 27. a3 1/2-1/2

[Event "12. Open Internacional C. A. Villaverde"]
[Site "Madrid ESP"]
[Date "2010.04.22"]
[Round "4.12"]
[White "Hernandez Mateo, Borja"]
[Black "Pozuelo Yuen, Fernando"]
[Result "0-1"]
[WhiteElo "1565"]
[BlackElo "1821"]
[PlyCount "64"]
[EventDate "2010.04.19"]
[EventType "swiss"]
[EventRounds "8"]
[EventCountry "ESP"]
[Source "lmi"]
[SourceDate "2010.04.19"]

1. e4 e6 2. d3 d5 3. Nd2 Nf6 4. Be2 c5 5. Ngf3 Nc6 6. O-O Be7 7. Re1 O-O 8. c3
b5 9. Qc2 a5 10. d4 Ba6 11. e5 Nd7 12. Bd3 h6 13. Nf1 cxd4 14. cxd4 Nb4 15. Qd2
Nxd3 16. Qxd3 b4 17. Qd1 Qb6 18. Be3 Rac8 19. Qd2 b3 20. axb3 Bb4 21. Qd1 Bxe1
22. Qxe1 Qxb3 23. Rxa5 Bxf1 24. Qxf1 Qxb2 25. Rb5 Qc2 26. Bd2 Rc4 27. Rb7 Qa4
28. Qb1 Ra8 29. Bb4 Qa1 30. Qxa1 Rxa1+ 31. Ne1 Rxb4 32. Rxb4 Rxe1# 0-1

[Event "12. Open Internacional C. A. Villaverde"]
[Site "Madrid ESP"]
[Date "2010.04.22"]
[Round "4.13"]
[White "Nieto Esteban, Manuel"]
[Black "Cortijo Manso, Luis"]
[Result "1-0"]
[WhiteElo "1817"]
[BlackElo "1614"]
[PlyCount "153"]
[EventDate "2010.04.19"]
[EventType "swiss"]
[EventRounds "8"]
[EventCountry "ESP"]
[Source "lmi"]
[SourceDate "2010.04.19"]

1. d4 Nf6 2. c4 c5 3. d5 b5 4. cxb5 a6 5. e3 Bb7 6. Nc3 d6 7. e4 g6 8. Bc4 Bg7
9. Nge2 O-O 10. O-O Nbd7 11. bxa6 Bxa6 12. Bxa6 Rxa6 13. Qd3 Ra8 14. Qh3 Ne5
15. Bh6 Nc4 16. Bxg7 Kxg7 17. f3 Nxb2 18. Nf4 Nc4 19. a4 Ne3 20. Rfb1 Qd7 21.
Qxd7 Nxd7 22. Rb7 Rfd8 23. Rab1 Rab8 24. Kf2 Nc4 25. Rxb8 Rxb8 26. Rxb8 Nxb8
27. Ke2 Kf6 28. Kd3 Na5 29. Kc2 Ke5 30. Nfe2 Na6 31. Nb5 Nb4+ 32. Kc3 Na6 33.
Na3 f5 34. Kd3 fxe4+ 35. fxe4 Nb4+ 36. Ke3 e6 37. dxe6 Kxe6 38. Nc3 Ke5 39.
Ncb1 Nac6 40. Nd2 Na5 41. Ndc4+ Nxc4+ 42. Nxc4+ Ke6 43. Nb6 Nc6 44. Kd3 Ke5 45.
Nc4+ Ke6 46. a5 Nb4+ 47. Kc3 Na6 48. Kb3 d5 49. exd5+ Kxd5 50. Kc3 h6 51. Ne3+
Ke4 52. Ng4 h5 53. Nf6+ Ke5 54. Nd7+ Kd5 55. Nf8 Kc6 56. Nxg6 Kb5 57. Nf4 h4
58. h3 Nb4 59. Ng6 Nd5+ 60. Kd2 c4 61. Nxh4 Kb4 62. a6 Kb3 63. a7 Nb6 64. Kc1
c3 65. Nf3 Ka4 66. Kc2 Ka5 67. Kxc3 Ka6 68. Kd4 Kxa7 69. g4 Nd7 70. g5 Kb7 71.
Kd5 Nf8 72. Kd6 Ng6 73. h4 Nf4 74. Ke5 Ng6+ 75. Kf6 Nf4 76. g6 Nd5+ 77. Kf7 1-0

[Event "12. Open Internacional C. A. Villaverde"]
[Site "Madrid ESP"]
[Date "2010.04.22"]
[Round "4.14"]
[White "Urena Castellanos, Antonio"]
[Black "Jimenez Vera, Ruben"]
[Result "1-0"]
[WhiteElo "1613"]
[BlackElo "1587"]
[PlyCount "95"]
[EventDate "2010.04.19"]
[EventType "swiss"]
[EventRounds "8"]
[EventCountry "ESP"]
[Source "lmi"]
[SourceDate "2010.04.19"]

1. e4 c5 2. f4 Nc6 3. c3 d6 4. d4 cxd4 5. cxd4 g6 6. Nf3 Bg4 7. Nc3 Bg7 8. Be3
Qb6 9. e5 dxe5 10. fxe5 Rd8 11. Bb5 e6 12. a4 a6 13. a5 Qc7 14. Be2 Bxf3 15.
Bxf3 Nxe5 16. Qa4+ Nc6 17. O-O Nge7 18. Rfc1 O-O 19. Ne2 Qd7 20. Rd1 Nd5 21.
Bf2 Nce7 22. Qb3 Nf5 23. Rac1 Qb5 24. Qxb5 axb5 25. Rc5 Nde3 26. Rd3 Bxd4 27.
Nxd4 Nc4 28. b4 e5 29. Nxb5 Rxd3 30. Rxc4 Rfd8 31. h3 Nd4 32. Nxd4 exd4 33.
Bxb7 Rd1+ 34. Kh2 d3 35. Bf3 Rf1 36. Rd4 Rxd4 37. Bxd4 d2 38. Bc3 Rxf3 39. Bxd2
Rf2 40. Be3 Re2 41. Bc5 f5 42. Kg3 Kf7 43. Kf3 Rb2 44. a6 Ke6 45. a7 Ra2 46.
Bb6 g5 47. Ba5 Ra3+ 48. Kf2 1-0

[Event "12. Open Internacional C. A. Villaverde"]
[Site "Madrid ESP"]
[Date "2010.04.26"]
[Round "5.1"]
[White "Gemy, Jose Daniel"]
[Black "Lopez De Turiso, Jose Angel"]
[Result "1-0"]
[WhiteElo "2215"]
[BlackElo "2118"]
[PlyCount "49"]
[EventDate "2010.04.19"]
[EventType "swiss"]
[EventRounds "8"]
[EventCountry "ESP"]
[Source "lmi"]
[SourceDate "2010.04.19"]

1. d4 f5 2. c4 Nf6 3. Nc3 d6 4. Bg5 e6 5. e4 fxe4 6. Bxf6 Qxf6 7. Nxe4 Qf4 8.
Bd3 Be7 9. Ne2 Qh6 10. f4 Nd7 11. Qd2 e5 12. O-O-O exf4 13. Nxf4 O-O 14. Rhf1
Nf6 15. Ng3 Ng4 16. h4 Bd7 17. Ne4 a6 18. Ng5 Nf6 19. Kb1 c6 20. Qe2 Bd8 21.
Nfe6 Bb6 22. Nxf8 Rxf8 23. Qe7 Bxd4 24. Bxh7+ Nxh7 25. Rxf8+ 1-0

[Event "12. Open Internacional C. A. Villaverde"]
[Site "Madrid ESP"]
[Date "2010.04.26"]
[Round "5.2"]
[White "Garcia Diaz, Victor Manuel"]
[Black "Ramirez Garcia, Jorge Alberto"]
[Result "1/2-1/2"]
[WhiteElo "2095"]
[BlackElo "2185"]
[PlyCount "46"]
[EventDate "2010.04.19"]
[EventType "swiss"]
[EventRounds "8"]
[EventCountry "ESP"]
[Source "lmi"]
[SourceDate "2010.04.19"]

1. c4 e6 2. g3 d5 3. Bg2 Nf6 4. Nf3 c5 5. O-O Nc6 6. cxd5 exd5 7. d4 Bg4 8. Ne5
Be6 9. Nxc6 bxc6 10. dxc5 Bxc5 11. Qc2 Qb6 12. Nc3 Be7 13. Na4 Qb5 14. Bg5 O-O
15. Rac1 Rac8 16. e4 d4 17. Bxf6 d3 18. Qd2 Bxf6 19. b3 c5 20. Nc3 Bxc3 21.
Rxc3 c4 22. bxc4 Bxc4 23. Rd1 Qa6 1/2-1/2

[Event "12. Open Internacional C. A. Villaverde"]
[Site "Madrid ESP"]
[Date "2010.04.26"]
[Round "5.3"]
[White "Lopez-Andujar Ocaña, Antonio"]
[Black "Gomez Ferrer, Jesus"]
[Result "1-0"]
[WhiteElo "2093"]
[BlackElo "1996"]
[PlyCount "105"]
[EventDate "2010.04.19"]
[EventType "swiss"]
[EventRounds "8"]
[EventCountry "ESP"]
[Source "lmi"]
[SourceDate "2010.04.19"]

1. e4 c5 2. Nc3 d6 3. g3 Nf6 4. Bg2 a6 5. d3 Nc6 6. f4 Bg4 7. Nf3 Nd4 8. h3
Nxf3+ 9. Bxf3 Bxf3 10. Qxf3 Qc7 11. O-O h5 12. Kg2 O-O-O 13. Be3 e6 14. Rad1
Be7 15. a3 d5 16. e5 Nd7 17. d4 f6 18. exf6 gxf6 19. f5 cxd4 20. Bxd4 Ne5 21.
Bxe5 fxe5 22. fxe6 e4 23. Qe3 d4 24. Rxd4 Rxd4 25. Qxd4 Rg8 26. Qd7+ Qxd7 27.
exd7+ Kxd7 28. Nxe4 Ke6 29. Rd1 Rc8 30. c3 b5 31. h4 Rg8 32. Rd4 Rg4 33. Ng5+
Kf5 34. Rd5+ Kg6 35. Nf3 Re4 36. Re5 Rxe5 37. Nxe5+ Kf5 38. Nd3 Ke4 39. Nf4
Bxh4 40. Nxh5 Bg5 41. Nf4 a5 42. Kf2 Bf6 43. Ke2 Be5 44. Kd2 Bd6 45. b4 axb4
46. axb4 Bxf4+ 47. gxf4 Kxf4 48. Kd3 Ke5 49. c4 bxc4+ 50. Kxc4 Kd6 51. Kb5 Kc7
52. Ka6 Kb8 53. b5 1-0

[Event "12. Open Internacional C. A. Villaverde"]
[Site "Madrid ESP"]
[Date "2010.04.26"]
[Round "5.4"]
[White "Vazquez Gonzalez, Jesus"]
[Black "Perez Cameselle, Francisco"]
[Result "1-0"]
[WhiteElo "2073"]
[BlackElo "1958"]
[PlyCount "45"]
[EventDate "2010.04.19"]
[EventType "swiss"]
[EventRounds "8"]
[EventCountry "ESP"]
[Source "lmi"]
[SourceDate "2010.04.19"]

1. e4 g6 2. d4 d6 3. Nc3 Bg7 4. Nf3 Nf6 5. Bf4 O-O 6. Qd2 c5 7. dxc5 dxc5 8.
Bd3 Nc6 9. Qe3 Qa5 10. O-O Ng4 11. Qe1 Be6 12. h3 Nge5 13. Nxe5 Nxe5 14. Nd5
Qd8 15. Rd1 Bxd5 16. exd5 Qxd5 17. Bxg6 Nf3+ 18. gxf3 Qxf3 19. Qe4 Qxh3 20. Bf5
Qh4 21. Rd3 e6 22. Rh3 exf5 23. Qxf5 1-0

[Event "12. Open Internacional C. A. Villaverde"]
[Site "Madrid ESP"]
[Date "2010.04.26"]
[Round "5.5"]
[White "Ruiz Quevedo, Andres"]
[Black "Lopez Heras, Arturo"]
[Result "0-1"]
[WhiteElo "1918"]
[BlackElo "2001"]
[PlyCount "64"]
[EventDate "2010.04.19"]
[EventType "swiss"]
[EventRounds "8"]
[EventCountry "ESP"]
[Source "lmi"]
[SourceDate "2010.04.19"]

1. b3 d5 2. Nf3 c5 3. e3 Nc6 4. Bb5 Qb6 5. c4 Bd7 6. Nc3 dxc4 7. bxc4 e6 8. O-O
Nf6 9. Rb1 Qc7 10. d4 a6 11. Ba4 Bd6 12. d5 Ne5 13. dxe6 Nxf3+ 14. Qxf3 Bxa4
15. exf7+ Qxf7 16. Rxb7 Bd7 17. Rxd7 Kxd7 18. Ne4 Rhf8 19. Ng5 Qh5 20. Qb7+ Bc7
21. Nf3 Rfc8 22. e4 Ke8 23. e5 Ng4 24. Re1 Kf8 25. Qe4 Re8 26. e6 Nxh2 27. e7+
Kg8 28. Qe6+ Kh8 29. Ng5 h6 30. Nf7+ Kh7 31. Bb2 Qg6 32. Qd5 Rxe7 0-1

[Event "12. Open Internacional C. A. Villaverde"]
[Site "Madrid ESP"]
[Date "2010.04.26"]
[Round "5.7"]
[White "Lozano Sanchez, Jose Antonio"]
[Black "Iagar, Razvan-Gabriel"]
[Result "1/2-1/2"]
[WhiteElo "1913"]
[BlackElo "2013"]
[PlyCount "76"]
[EventDate "2010.04.19"]
[EventType "swiss"]
[EventRounds "8"]
[EventCountry "ESP"]
[Source "lmi"]
[SourceDate "2010.04.19"]

1. c3 f5 2. f4 Nf6 3. Nf3 d6 4. d3 Nc6 5. Nbd2 g6 6. Nb3 Bg7 7. Bd2 O-O 8. Qc2
e5 9. g3 Qe7 10. O-O-O a5 11. fxe5 dxe5 12. Bg5 Qf7 13. a3 h6 14. Bxf6 Bxf6 15.
e4 fxe4 16. dxe4 Bg4 17. Nbd2 Be6 18. Be2 Rab8 19. Qa4 Ra8 20. Bc4 Rfd8 21.
Bxe6 Qxe6 22. Qc4 Kf7 23. Qxe6+ Kxe6 24. Nc4 b5 25. Ne3 Ne7 26. Rxd8 Rxd8 27.
Rd1 Rxd1+ 28. Kxd1 c6 29. Kc2 Nc8 30. c4 Nb6 31. b3 h5 32. c5 Nd7 33. b4 a4 34.
Kd3 Nf8 35. Nc2 Bg7 36. Ke2 Bh6 37. Ne3 Nd7 38. h3 Nf6 1/2-1/2

[Event "12. Open Internacional C. A. Villaverde"]
[Site "Madrid ESP"]
[Date "2010.04.26"]
[Round "5.8"]
[White "Camarero Izquierdo, Juan Carlos"]
[Black "Martin-Consuegra Barrilero, Javier"]
[Result "1-0"]
[WhiteElo "1924"]
[BlackElo "1905"]
[PlyCount "85"]
[EventDate "2010.04.19"]
[EventType "swiss"]
[EventRounds "8"]
[EventCountry "ESP"]
[Source "lmi"]
[SourceDate "2010.04.19"]

1. e4 d6 2. d4 Nf6 3. Nc3 Nbd7 4. Be3 e5 5. d5 c6 6. Qd2 Be7 7. f3 cxd5 8. exd5
a6 9. g4 b5 10. g5 Nh5 11. O-O-O Nf4 12. h4 h6 13. Bxf4 exf4 14. g6 O-O 15.
Qxf4 fxg6 16. Qg3 g5 17. hxg5 Bxg5+ 18. Kb1 Ne5 19. Ne4 Bf4 20. Qe1 Bf5 21. Qb4
Rc8 22. Nh3 Bh7 23. Nxf4 Rxf4 24. Bh3 Bxe4 25. Be6+ Kh8 26. fxe4 Rc4 27. Qa3 a5
28. Bf5 Rf3 29. b3 Rcc3 30. Qc1 Qf6 31. Rdg1 Rg3 32. Rxg3 Rxg3 33. Qe1 Qg5 34.
Qxa5 Rg1+ 35. Rxg1 Qxg1+ 36. Kb2 Qd4+ 37. Qc3 Qxc3+ 38. Kxc3 g6 39. Be6 Kg7 40.
a4 bxa4 41. bxa4 Kf6 42. a5 Nc6 43. dxc6 1-0